|
|
|
|
| LEADER |
00000nam0a2200000 4500 |
| 001 |
327344 |
| 005 |
20231102003942.0 |
| 035 |
|
|
|a (RuTPU)RU\TPU\book\353004
|
| 090 |
|
|
|a 327344
|
| 100 |
|
|
|a 20170127d1961 m y0rusy50 ca
|
| 101 |
0 |
|
|a rus
|
| 102 |
|
|
|a RU
|
| 105 |
|
|
|a a z 001zy
|
| 200 |
1 |
|
|a Автоматизация очистных и проходческих работ
|f А. И. Кухтенко [и др.]
|
| 210 |
|
|
|a Москва
|c Госгортехиздат
|d 1961
|
| 215 |
|
|
|a 275 с.
|c ил.
|
| 320 |
|
|
|a Библиогр.: с. 269-272
|
| 606 |
1 |
|
|a Проходка горных выработок
|x Механизация комплексная
|2 stltpush
|3 (RuTPU)RU\TPU\subj\53004
|9 71358
|
| 606 |
1 |
|
|a Очистные работы
|x Механизация
|2 stltpush
|3 (RuTPU)RU\TPU\subj\47909
|9 66807
|
| 610 |
1 |
|
|a автоматизация
|
| 610 |
1 |
|
|a проходческие работы
|
| 610 |
1 |
|
|a врубовые машины
|
| 610 |
1 |
|
|a угольные комбайны
|
| 610 |
1 |
|
|a механизация
|
| 610 |
1 |
|
|a автоматизированные агрегаты
|
| 610 |
1 |
|
|a дистанционное управление
|
| 610 |
1 |
|
|a телемеханика
|
| 610 |
1 |
|
|a угледобывающие машины
|
| 610 |
1 |
|
|a двигатели
|
| 610 |
1 |
|
|a угольная промышленность
|
| 675 |
|
|
|a 622.26
|v 4
|
| 675 |
|
|
|a 622.232
|v 4
|
| 701 |
|
1 |
|a Кухтенко
|b А. И.
|g Александр Иванович
|
| 701 |
|
1 |
|a Светличный
|b П. Л.
|g Павел Лукьянович
|
| 701 |
|
1 |
|a Шойхет
|b Л. А.
|g Лев Абрамович
|
| 701 |
|
1 |
|a Шурис
|b Н. А.
|g Наум Аронович
|
| 801 |
|
1 |
|a RU
|b 63413507
|c 20170127
|
| 801 |
|
2 |
|a RU
|b 63413507
|c 20170131
|g RCR
|
| 942 |
|
|
|c BK
|